<?xml version="1.0" encoding="UTF-8"?><?xml-stylesheet type="text/xsl" href="static/style.xsl"?><OAI-PMH xmlns="http://www.openarchives.org/OAI/2.0/" xmlns:xsi="http://www.w3.org/2001/XMLSchema-instance" xsi:schemaLocation="http://www.openarchives.org/OAI/2.0/ http://www.openarchives.org/OAI/2.0/OAI-PMH.xsd"><responseDate>2026-04-13T11:30:44Z</responseDate><request verb="GetRecord" identifier="oai:www.recercat.cat:2445/121535" metadataPrefix="marc">https://recercat.cat/oai/request</request><GetRecord><record><header><identifier>oai:recercat.cat:2445/121535</identifier><datestamp>2025-12-05T05:34:45Z</datestamp><setSpec>com_2072_1057</setSpec><setSpec>col_2072_478857</setSpec><setSpec>col_2072_478917</setSpec></header><metadata><record xmlns="http://www.loc.gov/MARC21/slim" xmlns:dcterms="http://purl.org/dc/terms/" xmlns:xsi="http://www.w3.org/2001/XMLSchema-instance" xmlns:doc="http://www.lyncode.com/xoai" xsi:schemaLocation="http://www.loc.gov/MARC21/slim http://www.loc.gov/standards/marcxml/schema/MARC21slim.xsd">
   <leader>00925njm 22002777a 4500</leader>
   <datafield ind2=" " ind1=" " tag="042">
      <subfield code="a">dc</subfield>
   </datafield>
   <datafield ind2=" " ind1=" " tag="720">
      <subfield code="a">Marí i Sala, Lluís</subfield>
      <subfield code="e">author</subfield>
   </datafield>
   <datafield ind2=" " ind1=" " tag="720">
      <subfield code="a">Revilla Calvo, Víctor</subfield>
      <subfield code="e">author</subfield>
   </datafield>
   <datafield ind2=" " ind1=" " tag="260">
      <subfield code="c">2018-04-13T10:44:17Z</subfield>
   </datafield>
   <datafield ind2=" " ind1=" " tag="260">
      <subfield code="c">2018-04-13T10:44:17Z</subfield>
   </datafield>
   <datafield ind2=" " ind1=" " tag="260">
      <subfield code="c">2007</subfield>
   </datafield>
   <datafield ind2=" " ind1=" " tag="260">
      <subfield code="c">2018-04-13T10:44:17Z</subfield>
   </datafield>
   <datafield ind2=" " ind1=" " tag="520">
      <subfield code="a">[esp] La villa romana Romeral ha sido objeto de diversas intervenciones arqueológicas: de forma discontinua, entre 1961-1968, con la intención de proteger y recuperar una parte de sus mosaicos; de forma regular, en el marco de un programa global de investigación, a partir de 1995. Las excavaciones han permitido identificar un gran establecimiento y definir sus principales fases de ocupación, entre los siglos I y V d.C. La fase más importante corresponde al siglo IV, cuando el edificio se reorganiza totalmente en torno a un peristilo, utilizando los programas arquitectónicos y decorativos propios de las grandes residencias de la aristocracia de la antigüedad tardía. [fra]La villa romaine du Romeral a fait l'objet de plusieurs interventions archéologiques: de façon discontinue entre 1961 et 1968, dans le seul but de protéger et de récuperer une partie des mosaïques; puis régulièremet, à partir de 1995, dans le cadre d'un programme de recherche globale. Les fouilles ont permis de documenter l'existence d'un grand site et d'en définir les phases d'occupation principales, du Ier au Vème siècle. La plus importante, datant du IVème siècle, a comporté une réorganisation générale autour d'un péristyle, que a été menée à terme suivant les programmes architecturaux et décoratifs propres des grandes résidences aristocratiques de l'Antiquité Tardive.</subfield>
   </datafield>
   <datafield ind2=" " ind1=" " tag="520">
      <subfield code="a">[fra]La villa romaine du Romeral a fait l'objet de plusieurs interventions archéologiques: de façon discontinue entre 1961 et 1968, dans le seul but de protéger et de récuperer une partie des mosaïques; puis régulièremet, à partir de 1995, dans le cadre d'un programme de recherche globale. Les fouilles ont permis de documenter l'existence d'un grand site et d'en définir les phases d'occupation principales, du Ier au Vème siècle. La plus importante, datant du IVème siècle, a comporté une réorganisation générale autour d'un péristyle, que a été menée à terme suivant les programmes architecturaux et décoratifs propres des grandes résidences aristocratiques de l'Antiquité Tardive.</subfield>
   </datafield>
   <datafield tag="653" ind2=" " ind1=" ">
      <subfield code="a">Vil·les romanes</subfield>
   </datafield>
   <datafield tag="653" ind2=" " ind1=" ">
      <subfield code="a">Arquitectura romana</subfield>
   </datafield>
   <datafield tag="653" ind2=" " ind1=" ">
      <subfield code="a">Excavacions arqueològiques</subfield>
   </datafield>
   <datafield tag="653" ind2=" " ind1=" ">
      <subfield code="a">Roman villa</subfield>
   </datafield>
   <datafield tag="653" ind2=" " ind1=" ">
      <subfield code="a">Roman architecture</subfield>
   </datafield>
   <datafield tag="653" ind2=" " ind1=" ">
      <subfield code="a">Archaeological excavations</subfield>
   </datafield>
   <datafield ind2="0" ind1="0" tag="245">
      <subfield code="a">La vil·la romana del Romeral, a Albesa (La Noguera). Evolució arquitectónica i funcional d'un establiment rural a la vall de la Noguera-Ribagorçana entre els segles I-IV dC</subfield>
   </datafield>
</record></metadata></record></GetRecord></OAI-PMH>